Quizzes
Events
Quiz Creation
Community
Videos
Private Events
Remove Ads
Sign In
Join for FREE
Feedback
Dark Mode
Quiz Categories
Sports
Geography
Music
Movies
Television
Just For Fun
Miscellaneous
History
Literature
Language
Science
Gaming
Entertainment
Religion
Holiday
For Kids
Quiz Lab
Recent
Popular Today
Quiz Kudos Today
Editor Picks
Curator Picks
Quizzes by...
Day
Popularity
Type
Ratings
Length
Year
Community
Subscriptions
Recent Discussions
Orange Saloon
Badges
Playlists
Quests
Create
Leaderboards
Showdown
Live 5
Trivia Bingo
Activity
Puzzle Library
Sporcle Events
Private Events
Virtual Trivia
Globe League
Become a Host
Pub Owners
SporcleCon
Opinionation
Our Games
Videos
Blog
Mobile Apps
Partnerships
Remove Ads and Go Orange
Feedback
Movies
Disney
Marvel Cinematic Universe
Movie Resume
Movie Titles
Oscar
Actor
Actress
Director
Pixar
Role
Movie Quotes
Movie Characters
Box Office
Nominee
Best Picture
Star Wars
James Bond
Horror Movies
Movies
Disney
Marvel Cinematic Universe
Movie Resume
Movie Titles
Oscar
Actor
Actress
Director
Pixar
Role
Movie Quotes
Movie Characters
Box Office
Nominee
Best Picture
Star Wars
James Bond
Horror Movies
Random Quiz
Search Sporcle
×
Quiz Lab
Quiz Lab
Movies
Movie Titles
Type in answers that appear in a list
Type in answers that appear in a list
Classic
Best Score? Go Orange.
Movies by Cast IV Stats
Can you name the movies by the cast given?
By
canucksman
6m
20 Questions
206 Plays
206 Plays
206 Plays
Comments
Comments
Give Quiz Kudos
Give Quiz Kudos
-
- Ratings
hide this ad
Forced Order
Answers have to be entered in order
Answers have to be entered in order
Replay
Link that replays current quiz
Next Quiz
Link to next quiz in quiz playlist
You Got
0%
They Got
Avg Score
38%
Avg Friend Score
Upgrade to see
Score Distribution
Jump to the score distribution portion of the page
Score
0/20
Timer
06:00
0
Plays Today
Cast
Movie
% Correct
Christian Bale,Heath Ledger, Gary Oldman, Aaron Eckhart
The Dark Knight
99.5%
Tom Cruise, Dakota Fanning, Tim Robbins
War of the Worlds
86.9%
Robert Downey Jr., Jude Law, Rachel McAdams
Sherlock Holmes
77.7%
Tom Hanks, Helen Hunt, Paul Sanchez
Cast Away
69.9%
Jim Carrey, Zooey Deschanel, Bradley Cooper, Terrence Stamp
Yes Man
59.7%
Brandon Lee, Michael Wincott, David Patrick Kelly
The Crow
39.8%
Samuel L. Jackson, Matthew McConaughey, Sandra Bullock
A Time to Kill
37.9%
Harrison Ford, Gary Oldman, Glenn Close
Air Force One
36.9%
Tom Cruise, Bill Nighy, Carice van Houten
Valkyrie
35%
Kiefer Sutherland, Kevin Bacon, Julia Roberts
Flatliners
33%
Cast
Movie
% Correct
Sylvester Stallone, Richard Crenna, Brian Dennehy
First Blood
25.7%
Charlie Sheen, Kiefer Sutherland, Chris O'Donnell, Oliver Platt, Tim Curry, Michael Wincott
The Three Musketeers
24.8%
Mel Gibson, Sam Elliott, Barry Pepper
We Were Soldiers
22.8%
Ken Watanabe, Kazunari Ninomiya, Tsuyoshi Ihara
Letters From Iwo Jima
22.8%
Robert Downey Jr., Jamie Foxx, Catherine Keener
The Soloist
22.3%
Viggo Mortensen, Omar Sharif, Louise Lombard
Hidalgo
19.9%
Jeff Bridges, Tim Robbins, Joan Cusack
Arlington Road
17%
Ryan Phillipe, Barry Pepper, Adam Beach
Flags of our Fathers
15%
Edward Norton, Robert DeNiro, Milla Jovovich
Stone
12.6%
Tommy Lee Jones, Samuel L. Jackson, Guy Pearce, Ben Kingsley
Rules of Engagement
5.3%
Quiz Playlist
Details
Report
Send in Message
Add To Playlist
Classic:
Type in answers that appear in a list
Forced Order:
Answers have to be entered in order
Quiz Source
Last Updated: Feb 16, 2017
Quiz Scoreboard
CHALLENGE
Sign Up to Join the Scoreboard
Show All
Scores
Hide
Comments
May contain spoilers
Recently Published
Alphabetical 'K' Countries by Flag Minefield
by ylime102
Geography
3m
Pick 6: Fruits
by JohnFran
Miscellaneous
15s
Click the 1999 NBA Draft
by nibperrychub
Sports
2m
More to Explore
Quiz From the Vault
Featured Blog Post
15 Basketball Trivia Facts You Can Be March Mad About
hide this ad
You Might Also Like...
Tags
Actor Quiz
Actress Quiz
Cast Quiz
Movie Titles Quiz
Year Quiz
ensemble
Released
Today's Top Quizzes in Movies
Browse Movies
hide this ad
Today's Top Quizzes in Movie Titles
Browse Movie Titles
Top Contributed Quizzes in Movies
1
Pick 6: Harry Potter
2
Pick 6: Movie Franchises
3
Pick 6: Actors
4
Pick 6: Actresses
5
Pick 6: Disney Princesses
6
Match The President To The Fictional Crisis
7
Harry Potter Logic Puzzle
8
Movies of the Seasons
9
10 Quentin Tarantino Movies in Order
10
Marvel Movies: Who Wants to be a Millionaire? HARD
Explore More
Trending Topics
Kpop
NBA
Harry Potter
Disney
Crossword
Marvel
Anime
Country
WWE
Puzzle
Soccer
The Office
Song
NFL
Pokémon
hide this ad
More By:
canucksman
Quiz
Plays
Rating
Category
Featured
Created
NFL Hall of Fame QBs
554
3.17
Sports
Feb 9, 2012
Top 30 NHL Goal Scorers
292
3.40
Sports
Dec 28, 2011
Movies by Cast IV
206
3.00
Movies
Feb 7, 2012
Top Scorers of the NHL by Team
197
1.55
Sports
Dec 26, 2011
Movies by cast
161
3.29
Movies
Jan 18, 2012
Go to Creator's Profile
Score Distribution
Quiz Creator Spotlight
canucksman
Follow
Send a Message
Quizzes Created
-
Created Quiz Play Count
-
More By This Creator
Popular Quizzes Today
1
Find the US States - No Outlines Minefield
2
Countries of Asia Without Outlines Minefield
3
Pick 6: Fruits
4
Alphabetical 'K' Countries by Flag Minefield
5
The Countries of the World
6
Find the US States
7
Match the Book to the Film X
8
Click the 1999 NBA Draft
More Movies Quizzes
Disney Song Titles en Español
Curator's Pick
Trending Quizzes
Pick 6: Mountains
Pick 6: Harry Potter
Pick 6: NFL Teams
Pick 6: Movie Franchises
Pick 6: Golfers
Recently Updated
NWSL Teams
pecheneg
Women's Final Four Teams by Year
bhenderson79
Presidents Quartet II
eogle
Anything But Clue(do)
eogle
Anything But Oceanian Capitals
eogle
Anything But 7
eogle
Anything But Thing
eogle
Word Ladder: February 29
pecheneg
Song Title Questions
pecheneg
Women's NCAA Tournament #1 Seeds
pecheneg
Trending Topics
Marvel
Kpop
Harry Potter
NBA
Anime
Crossword
Disney
The Office
Soccer
Song
Country
Puzzle
WWE
Pokémon
NFL
Your Account Isn't Verified!
In order to create a playlist on Sporcle, you need to verify the email address you used during registration. Go to your
Sporcle Settings
to finish the process.
Report this User
Report this user for behavior that violates our
Community Guidelines
.
Details:
Send Report
Go to the Sporcle.com Mobile Site →
Comments